|
|
|
|
| LEADER |
01833nam a2200505 a 4500 |
| 001 |
nkc20102130128 |
| 003 |
CZ PrNK |
| 005 |
20110311093815.0 |
| 007 |
ta |
| 008 |
101007s2010 xr a e f 001 0 cze |
| 015 |
|
|
|a cnb002130128
|
| 020 |
|
|
|a 978-80-247-3248-0
|q (brož.)
|
| 035 |
|
|
|a (OCoLC)697265776
|
| 040 |
|
|
|a OLA001
|b cze
|
| 072 |
|
7 |
|a 69
|x Stavebnictví
|2 Konspekt
|9 19
|
| 080 |
|
|
|a 666.972/974
|2 MRF
|
| 080 |
|
|
|a 691.32
|2 MRF
|
| 080 |
|
|
|a 666.97-033.26
|2 MRF
|
| 080 |
|
|
|a 693.5
|2 MRF
|
| 080 |
|
|
|a (035)
|2 MRF
|
| 100 |
1 |
|
|a Kolář, Karel,
|d 1942-
|7 ntka172962
|4 aut
|
| 245 |
1 |
0 |
|a Betonujeme svépomocí /
|c Karel Kolář, Pavel Reiterman
|
| 250 |
|
|
|a 1. vyd.
|
| 260 |
|
|
|a Praha :
|b Grada,
|c 2010
|
| 300 |
|
|
|a 112 s. :
|b il. ;
|c 21 cm
|
| 490 |
1 |
|
|a Profi & hobby ;
|v 145
|
| 500 |
|
|
|a Obálkový podnázev: novodobé přísady, zpracování, technologie, ošetřování
|
| 504 |
|
|
|a Obsahuje bibliografii a rejstřík
|
| 650 |
0 |
7 |
|a beton
|7 ph114136
|2 czenas
|
| 650 |
0 |
7 |
|a betonové směsi
|7 ph118821
|2 czenas
|
| 650 |
0 |
7 |
|a betonářské práce
|7 ph118824
|2 czenas
|
| 650 |
0 |
9 |
|a concrete
|2 eczenas
|
| 650 |
0 |
9 |
|a concrete mixtures
|2 eczenas
|
| 650 |
0 |
9 |
|a concreting
|2 eczenas
|
| 655 |
|
7 |
|a příručky
|7 fd133209
|2 czenas
|
| 655 |
|
9 |
|a handbooks and manuals
|2 eczenas
|
| 700 |
1 |
|
|a Reiterman, Pavel,
|d 1983-
|7 xx0128295
|4 aut
|
| 830 |
|
0 |
|a Profi & hobby
|0 s
|
| 856 |
4 |
1 |
|u http://www.digitalniknihovna.cz/mzk/uuid/uuid:8de980f0-f53d-11e7-8226-005056827e52
|y Digitalizovaný dokument
|x NDK
|
| 910 |
2 |
|
|a BOA001
|b 2-1252.974
|
| 990 |
|
|
|a BK
|
| 995 |
|
|
|a 01
|
| 991 |
|
|
|b 201012
|c NOV
|j 69 KOL
|e n
|
| 996 |
6 |
|
|b 2610453874
|c 2-1252.974
|l MZK
|r Sklad / do 1 hodiny
|n 0
|p p.v.
|w 001157803
|u 000010
|a 1
|e BOA001
|j MZK50
|s P
|
| 996 |
7 |
|
|b 2610472978
|c 2-1252.974
|l MZK
|r Sklad / do 1 hodiny
|n 21
|p kup
|w 001157803
|u 000020
|a 1
|e BOA001
|j MZK50
|s A
|